000 00805cam a22002533a 4500
001 4067
003 PGUSA
005 20140828083048.0
008 030501s2003||||xxu|||||s|||||000 1 eng d
040 _aPGUSA
_beng
042 _adc
050 4 _aPT
100 1 _aMühlbach, L.
_q(Luise),
_d1814-1873
245 1 0 _aFrederick the Great and His Court
_h[electronic resource] /
_cL. Mühlbach
260 _bProject Gutenberg,
_c2003
506 _aPublic domain in the USA.
516 _aElectronic text
653 _aPrussia (Germany) -- History -- Frederick II, 1740-1786 -- Fiction
653 _aFrederick II, King of Prussia, 1712-1786 -- Fiction
653 _aCourts and courtiers -- Fiction
830 0 _aProject Gutenberg
_v4067
856 4 0 _uhttp://www.gutenberg.org/ebooks/4067
942 _cEB
999 _c233396
_d233396